Statistics for Central American Countries

Click here to take the quiz!

General Stats

  • This quiz has been taken 41,360 times
  • The average score is 6 of 7

Answers on the Map

Answers color-coded by a green-red scale on the quiz's map according to % correct below.
Loading ...
 

Answer Stats

Country % Correct
Panama
97%
Honduras
92%
Costa Rica
90%
Guatemala
90%
Nicaragua
90%
Belize
88%
El Salvador
88%

Score Distribution

Percentile by Number Answered

Percent of People with Each Score

Your Score History

You have not taken this quiz